000
00190nam a2200109Ia 4500
100
_a
#N/A
942
_c
BK
245
_a
Digit Nov 2011
260
_b
#N/A
546
_a
ENGLISH
999
_c
33928
_d
33928